| 000 | 00745nam a2200217 i 4500 | ||
|---|---|---|---|
| 001 | 141412 | ||
| 003 | ES-MaACL | ||
| 005 | 20230906200304.0 | ||
| 007 | t| | ||
| 008 | 070924s1972 sp ||||1| spa d | ||
| 080 | _a811.361'366 | ||
| 100 | 1 |
_aVillasante, Luis. _9115152 |
|
| 245 | 1 | 3 |
_aLa declinación del vasco literario común / _cLuis Villasante. |
| 260 |
_aOñate : _bEdit. Franciscana Aránzazu, _c[1972] |
||
| 300 |
_a120 p. ; _c19 cm. |
||
| 490 | 1 |
_aSerie "Luis de Elizalde" sobre unificación del euskera escrito ; _v2 |
|
| 650 | 1 | 4 |
_aLengua vasca- _xMorfología. _914340 |
| 830 | 0 |
_aSerie "Luis de Elizalde" sobre unificación del euskera escrito ; _v2 _9187212 |
|
| 852 |
_aES-MaACL _jC-45821 _bR.82162 |
||
| 999 |
_c141412 _d141412 |
||